000 00916nam a22002415i 4500
001 10957
003 ES-MaACL
005 20250815082718.0
008 920122s1991 sp ||||0| spa
020 _a84-86884-83-7
080 _a5/6(081) Rodríguez Carracido, José
100 1 _aRodríguez Carracido, José,
_d1856-1928
_998407
245 1 0 _aJosé Rodríguez Carracido /
_cedición de Antonio Moreno González.
260 _aMadrid :
_bFundación Banco Exterior,
_c[1991]
300 _a391 p ;
_c23 cm.
490 1 _aBiblioteca de la ciencia española / Fundación Banco Exterior ;
_v4
600 1 4 _aRodríguez Carracido, José,
_d1856-1928
_998407
700 1 _aMoreno González, Antonio.
_983381
710 2 _aFundación Banco Exterior.
_94226
830 1 0 _aBiblioteca de la ciencia española (Fundación Banco Exterior)
_v4
_9177904
852 _aES-MaACL
_jL-18248
999 _c10957
_d10957